000 00509nam a2200181Ia 4500
005 20250326125607.0
008 250326s9999 xx 000 0 und d
037 _aTextbook
040 _aFMSL
_beng
_cFMSL
041 _aeng
_2eng
084 _aX8:8ogB L0
_qFMSL
100 _aCyert R M
_9343107
245 0 _aManagement decision making
_cCyert R M; Welsch L A
260 _aEngland
_bEngland, Penguin Books
_c1970
300 _a360p
942 _cTB
_hX8:8ogB L0
999 _c1278724
_d1278724